[Event "Berlin Lichtenrade op 13th"]
[Site "Berlin"]
[Date "2017.11.04"]
[Round "8"]
[White "Shoipov, Dennie"]
[Black "Polatel, Ali"]
[Result "0-1"]
[WhiteElo "1890"]
[BlackElo "2268"]
[PlyCount "59"]
[EventDate "2017.10.28"]
[EventType "swiss"]
[EventRounds "9"]
[EventCountry "GER"]
[SourceTitle "CBM 181 Extra"]
[Source "ChessBase"]
[SourceDate "2017.12.12"]
[SourceVersion "1"]
[SourceVersionDate "2017.12.12"]
[SourceQuality "1"]

1. e4 g6 2. d4 Bg7 3. f4 c6 4. Nf3 d5 5. e5 Nh6 6. Bd3 f6 7. Nbd2 0-0 8. Nf1 Bg4 9. Ne3 Bxf3 10. gxf3 c5 11. c3 Nc6 12. Bc2 cxd4 13. cxd4 fxe5 14. fxe5 e6 15. h4 Rf4 16. Ng4 Rxd4 17. Nxh6+ Bxh6 18. Bxh6 Rxd1+ 19. Rxd1 Nxe5 20. h5 Rc8 21. Bb1 g5 22. f4 Qa5+ 23. Kf1 Qb5+ 24. Kg1 Qe2 25. fxe5 Qxd1+ 26. Kg2 Qe2+ 27. Kg3 Qxe5+ 28. Kf2 Qf6+ 29. Ke2 Qxh6 30. Bxh7+ 0-1

[Event "Berlin Lichtenrade op 12th"]
[Site "Berlin"]
[Date "2016.10.29"]
[Round "8"]
[White "Wierzbicki, Jirawat"]
[Black "Shoipov, Dennie"]
[Result "1/2-1/2"]
[WhiteElo "2108"]
[BlackElo "1823"]
[PlyCount "45"]
[EventDate "2016.10.22"]
[EventType "swiss"]
[EventRounds "9"]
[EventCountry "GER"]
[SourceTitle "EXT 2018"]
[Source "ChessBase"]
[SourceDate "2017.10.13"]
[SourceVersion "1"]
[SourceVersionDate "2017.10.13"]
[SourceQuality "1"]

1. e4 c5 2. c3 Nf6 3. e5 Nd5 4. d4 d6 5. Nf3 e6 6. Bc4 Be7 7. 0-0 0-0 8. Qe2 Qc7 9. Re1 Nc6 10. Qe4 cxd4 11. cxd4 Rd8 12. Bd3 f5 13. exf6 Nxf6 14. Qh4 Nb4 15. Be4 d5 16. Bf4 Nxe4 17. Bxc7 Bxh4 18. Nxh4 Rd7 19. Rc1 Nd3 20. Rc2 Nb4 21. Rc1 Nd3 22. Rc2 Nb4 23. Rc1 1/2-1/2

[Event "Berlin Lichtenrade op 12th"]
[Site "Berlin"]
[Date "2016.10.26"]
[Round "5"]
[White "Shoipov, Dennie"]
[Black "Hartmann, Jakob"]
[Result "1/2-1/2"]
[WhiteElo "1823"]
[BlackElo "2037"]
[PlyCount "83"]
[EventDate "2016.10.22"]
[EventType "swiss"]
[EventRounds "9"]
[EventCountry "GER"]
[SourceTitle "EXT 2018"]
[Source "ChessBase"]
[SourceDate "2017.10.13"]
[SourceVersion "1"]
[SourceVersionDate "2017.10.13"]
[SourceQuality "1"]

1. e4 c5 2. Nf3 d6 3. d4 cxd4 4. Nxd4 Nf6 5. Nc3 Nc6 6. Be2 g6 7. Be3 Bg7 8. 0-0 0-0 9. Nb3 Be6 10. Nd4 Bd7 11. Re1 Rc8 12. Bd3 a6 13. f3 Ne5 14. Nde2 b5 15. Bd4 Nc6 16. Be3 Na5 17. a4 Nc4 18. Bxc4 bxc4 19. Bd4 Qa5 20. Qd2 Bc6 21. Reb1 Rb8 22. Be3 Rfd8 23. Nf4 e6 24. Nfe2 Ba8 25. b3 d5 26. e5 Nd7 27. f4 Qc7 28. b4 Qb7 29. b5 a5 30. Nd4 Qc7 31. b6 Nxb6 32. Ncb5 Qe7 33. Qxa5 c3 34. Qxc3 Nc4 35. Bf2 f6 36. exf6 Qxf6 37. Qh3 Re8 38. Nc7 Rec8 39. Ncxe6 Bh8 40. c3 Nd2 41. Rd1 Ne4 42. Rab1 1/2-1/2

[Event "Berlin Lichtenrade op 11th"]
[Site "Berlin"]
[Date "2015.10.26"]
[Round "3"]
[White "Schnabel, Ralf"]
[Black "Shoipov, Dennie"]
[Result "1-0"]
[WhiteElo "2241"]
[BlackElo "1840"]
[PlyCount "81"]
[EventDate "2015.10.24"]
[EventType "swiss"]
[EventRounds "9"]
[EventCountry "GER"]
[SourceTitle "CBM 169 Extra"]
[Source "ChessBase"]
[SourceDate "2015.12.18"]
[SourceVersion "1"]
[SourceVersionDate "2015.12.18"]
[SourceQuality "1"]

1. e4 c5 2. Nf3 Nc6 3. d4 cxd4 4. Nxd4 g6 5. Nc3 Bg7 6. Nb3 Nf6 7. Bg5 d6 8. Be2 Bd7 9. 0-0 0-0 10. f4 a5 11. a4 Rc8 12. Kh1 Qc7 13. Bxf6 Bxf6 14. Nd5 Qb8 15. Nxf6+ exf6 16. Qd2 b6 17. Rfd1 Be6 18. Qxd6 Qb7 19. f5 Rcd8 20. Qg3 Bxb3 21. Rxd8 Rxd8 22. Qxb3 Nd4 23. Qd3 Ne6 24. Qe3 Nc5 25. Bf3 Qd7 26. b3 gxf5 27. exf5 Qxf5 28. Qe2 Rd6 29. h3 Re6 30. Qd2 Ne4 31. Bxe4 Qxe4 32. Rf1 Qe5 33. Qf4 Kg7 34. Rf3 h6 35. Kh2 Kg6 36. Rg3+ Kh7 37. Qg4 Qg5 38. Qd4 Qe5 39. Qd7 Re7 40. Qg4 Qg5 41. Qc8 1-0

[Event "Berlin-ch QT"]
[Site "Berlin"]
[Date "2014.04.21"]
[Round "3"]
[White "Zschaebitz, Klaus"]
[Black "Shoipov, Dennie"]
[Result "1-0"]
[WhiteElo "2026"]
[BlackElo "1805"]
[PlyCount "99"]
[EventDate "2014.04.19"]
[EventType "swiss"]
[EventRounds "9"]
[EventCountry "GER"]
[SourceTitle "EXT 2022"]
[Source "ChessBase"]
[SourceDate "2021.10.06"]
[SourceVersion "1"]
[SourceVersionDate "2021.10.06"]
[SourceQuality "1"]

1. c4 e5 2. g3 Nf6 3. Bg2 d5 4. cxd5 Nxd5 5. Nc3 Nb6 6. Nf3 Nc6 7. d3 Be7 8. a3 Be6 9. b4 0-0 10. Bb2 f6 11. 0-0 a5 12. b5 Nd4 13. Nxd4 exd4 14. Na4 Ra7 15. Nxb6 cxb6 16. a4 Bb4 17. Ba3 Bc5 18. Qd2 Qd6 19. Bb2 Bd5 20. Bxd5+ Qxd5 21. Rfc1 f5 22. Ba3 Qd6 23. Qc2 Bxa3 24. Qa2+ Kh8 25. Qxa3 Qf6 26. e3 dxe3 27. fxe3 Raa8 28. Qc3 Qg5 29. Qd4 Rad8 30. Qf4 Qf6 31. d4 Rfe8 32. Rc3 h6 33. Rf1 Rd5 34. Rfc1 Rd6 35. Rc8 Rde6 36. Rxe8+ Rxe8 37. Rf1 Qe6 38. Rf3 Kg8 39. Qxf5 Qxf5 40. Rxf5 Rxe3 41. Kf2 Ra3 42. d5 Rd3 43. Ke2 Rc3 44. Kd2 Rc5 45. Kd3 g6 46. Re5 Kf7 47. Kd4 Rc1 48. Re6 Ra1 49. Rxb6 Rxa4+ 50. Ke5 1-0

[Event "GER-ch U12"]
[Site "Oberhof"]
[Date "2013.05.19"]
[Round "1"]
[White "Schmidek, Emil"]
[Black "Shoipov, Dennie"]
[Result "1/2-1/2"]
[WhiteElo "1957"]
[BlackElo "1816"]
[PlyCount "148"]
[EventDate "2013.05.19"]
[EventType "swiss"]
[EventRounds "11"]
[EventCountry "GER"]
[SourceTitle "CBM 154 Extra"]
[Source "ChessBase"]
[SourceDate "2013.06.25"]
[SourceVersion "2"]
[SourceVersionDate "2013.06.25"]
[SourceQuality "1"]

1. e4 c5 2. Nf3 Nc6 3. d4 cxd4 4. Nxd4 g6 5. c4 Bg7 6. Be3 Nf6 7. Nc3 Qa5 8. f3 0-0 9. Be2 d6 10. Qd2 a6 11. 0-0 Bd7 12. Rfd1 Rfd8 13. Nb3 Qh5 14. Na4 b5 15. cxb5 axb5 16. Nb6 Rab8 17. Nxd7 Nxd7 18. Rac1 Nc5 19. Nd4 Nxd4 20. Bxd4 Ne6 21. Bxg7 Kxg7 22. Qe3 Qe5 23. Qc3 Qxc3 24. Rxc3 b4 25. Rc4 b3 26. a3 Rdc8 27. Rdc1 Rxc4 28. Rxc4 Nc5 29. e5 Ra8 30. exd6 exd6 31. Rb4 Re8 32. Kf2 Re5 33. Rb5 Kf6 34. Bc4 h5 35. Rb6 Ke7 36. f4 Re4 37. Bxb3 Rxf4+ 38. Ke3 Re4+ 39. Kd2 Rd4+ 40. Kc2 Re4 41. Bd5 Re2+ 42. Kb1 Rd2 43. Bc6 Kd8 44. Bf3 Kc7 45. Rb5 Rd3 46. Kc2 Re3 47. Ra5 Kb6 48. Ra8 Nd7 49. Rc8 Ne5 50. Kd2 Rd3+ 51. Ke2 Rd4 52. Rc3 Rc4 53. Rxc4 Nxc4 54. Bd5 Ne5 55. b4 f6 56. a4 g5 57. Kd2 f5 58. Kc3 f4 59. Kd4 Ng4 60. h3 Ne3 61. Bf3 g4 62. hxg4 hxg4 63. Ba8 Nc2+ 64. Kc3 Ne3 65. Kd3 d5 66. g3 Ng2 67. gxf4 Nxf4+ 68. Ke3 Ng2+ 69. Kf2 Nf4 70. a5+ Kb5 71. Bb7 Nd3+ 72. Kg3 Nxb4 73. Kxg4 Kxa5 74. Bxd5 Nxd5 1/2-1/2

[Event "GER-ch U10"]
[Site "Oberhof"]
[Date "2012.05.28"]
[Round "3"]
[White "Shoipov, Dennie"]
[Black "Meyling, Lennart"]
[Result "1/2-1/2"]
[WhiteElo "1447"]
[BlackElo "1572"]
[PlyCount "100"]
[EventDate "2012.05.27"]
[EventType "swiss"]
[EventRounds "11"]
[EventCountry "GER"]
[SourceTitle "CBM 148 Extra"]
[Source "ChessBase"]
[SourceDate "2012.06.22"]
[SourceVersion "1"]
[SourceVersionDate "2012.06.22"]
[SourceQuality "1"]

1. e4 c5 2. Nf3 d6 3. d4 cxd4 4. Nxd4 Nf6 5. Nc3 a6 6. Be3 e5 7. Nb3 Be6 8. f3 Be7 9. Qd2 0-0 10. 0-0-0 Nbd7 11. g4 b5 12. h4 b4 13. Ne2 a5 14. Kb1 a4 15. Nbc1 Rb8 16. b3 axb3 17. cxb3 Qa5 18. h5 Rfc8 19. g5 Ne8 20. Bh3 Bxh3 21. Rxh3 Nc5 22. g6 Nf6 23. gxf7+ Kxf7 24. Bg5 Ncxe4 25. fxe4 Nxe4 26. Rf1+ Kg8 27. Qe3 Nxg5 28. Rg3 Ne6 29. Qh6 Qd5 30. Rfg1 Bg5 31. Rxg5 Nxg5 32. Qxg5 Rc7 33. Ng3 Rf7 34. h6 g6 35. Nh5 Qe4+ 36. Ka1 Qf5 37. Qh4 Rc8 38. Ng3 Qf4 39. Qh1 Qd4+ 40. Kb1 Rf2 41. Nge2 Qc5 42. Qe4 Rf6 43. Rd1 Qc6 44. Qd3 Rf3 45. Qd2 Qe4+ 46. Ka1 Rf6 47. Nd3 Rb8 48. Qc2 Rf7 49. Qd2 Rc7 50. Nf2 Qc6 1/2-1/2

[Event "GER-ch U10"]
[Site "Oberhof"]
[Date "2011.06.13"]
[Round "3"]
[White "Shoipov, Dennie"]
[Black "Ratay, Meike"]
[Result "0-1"]
[WhiteElo "1336"]
[BlackElo "1087"]
[PlyCount "70"]
[EventDate "2011.06.11"]
[EventType "swiss"]
[EventRounds "11"]
[EventCountry "GER"]
[SourceTitle "CBM 142 Extra"]
[Source "ChessBase"]
[SourceDate "2011.06.27"]
[SourceVersion "1"]
[SourceVersionDate "2011.06.27"]
[SourceQuality "1"]

1. e4 e5 2. Bc4 Nf6 3. Nc3 Bc5 4. Nf3 Nc6 5. d3 h6 6. Be3 Bb6 7. Qd2 d6 8. 0-0-0 Be6 9. Bxe6 fxe6 10. h3 Qd7 11. g4 0-0-0 12. Rdg1 Rdg8 13. h4 Bxe3 14. fxe3 d5 15. exd5 exd5 16. g5 Nh5 17. Qg2 d4 18. exd4 exd4 19. Ne4 Nf4 20. Qd2 Rf8 21. Rf1 Ng6 22. h5 Nge5 23. Nxe5 Rxf1+ 24. Rxf1 Nxe5 25. gxh6 gxh6 26. Qf4 Qe7 27. Nd2 Qd6 28. Re1 Re8 29. Nc4 Nxd3+ 30. cxd3 Rxe1+ 31. Kd2 Qxf4+ 32. Kxe1 Qh4+ 33. Kd2 Qxh5 34. Kc2 Qe2+ 35. Nd2 h5 0-1

[Event "GER-ch U10"]
[Site "Oberhof"]
[Date "2011.06.12"]
[Round "2"]
[White "Schamber, Dennis"]
[Black "Shoipov, Dennie"]
[Result "0-1"]
[WhiteElo "1039"]
[BlackElo "1336"]
[PlyCount "90"]
[EventDate "2011.06.11"]
[EventType "swiss"]
[EventRounds "11"]
[EventCountry "GER"]
[SourceTitle "CBM 142 Extra"]
[Source "ChessBase"]
[SourceDate "2011.06.27"]
[SourceVersion "1"]
[SourceVersionDate "2011.06.27"]
[SourceQuality "1"]

1. e4 e5 2. Nf3 Nc6 3. Bc4 Bc5 4. c3 Nf6 5. d4 exd4 6. cxd4 Bb4+ 7. Nc3 0-0 8. Bg5 h6 9. Bh4 d6 10. 0-0 Re8 11. d5 Ne5 12. Nxe5 dxe5 13. Re1 a6 14. a3 Bc5 15. b4 Be7 16. Qb3 Rf8 17. Re2 b5 18. Bd3 Bg4 19. Re3 Bh5 20. Rae1 Rc8 21. h3 c5 22. Bxf6 Bxf6 23. bxc5 Bg5 24. g4 Bxe3 25. Rxe3 Bg6 26. c6 h5 27. f3 Qb6 28. Kf2 Qd8 29. Kg3 Qf6 30. Kf2 Qf4 31. a4 Qh2+ 32. Ke1 Qxh3 33. Kd2 Qg2+ 34. Ne2 hxg4 35. fxg4 Qxg4 36. axb5 axb5 37. Qxb5 Ra8 38. Qb7 Rfb8 39. Qe7 Re8 40. Qc7 Qg5 41. Qd6 Ra2+ 42. Bc2 Bxe4 43. Qd7 Rxc2+ 44. Ke1 Ra8 45. c7 Ra1+ 0-1